Nobody's home (Record no. 117679)
[ view plain ]
| 000 -LEADER | |
|---|---|
| fixed length control field | 01397cam a2200253 4500 |
| 001 - CONTROL NUMBER | |
| control field | ABS68036 |
| 008 - FIXED-LENGTH DATA ELEMENTS--GENERAL INFORMATION | |
| fixed length control field | 040712n2004 000 0 eng u |
| 035 ## - SYSTEM CONTROL NUMBER | |
| System control number | (Sirsi) u126750 |
| 100 ## - MAIN ENTRY--PERSONAL NAME | |
| Personal name | Bevan, S. |
| 245 ## - TITLE STATEMENT | |
| Title | Nobody's home |
| 260 ## - PUBLICATION, DISTRIBUTION, ETC. | |
| Date of publication, distribution, etc. | 2004 |
| 490 ## - SERIES STATEMENT | |
| Series statement | RICS Business |
| Volume/sequential designation | July/August 2004,12-14(3) |
| 520 ## - SUMMARY, ETC. | |
| Summary, etc. | Discusses the proposed introduction of Empty Homes Management Orders (EHMOs) in an amendment to the Housing Bill currently going through parliament. Outlines the scale of the empty homes problem: 720 000 in England alone, 308 000 of which have been empty for more than six months. Local authorities can use EHMOs to take control of empty homes to meet housing demand, with the legal title remaining with the owner, who is entitled to rental income after costs are met. Covers other developments on the empty homes front such as cutting VAT on the cost of renovating houses empty for three years or more and permission being given to local authorities to reduce or remove entirely the 50% council tax discount on empty homes left vacant too long. Table gives numbers of empty homes in England as at 1 April 2003. |
| 590 ## - LOCAL NOTE (RLIN) | |
| Local note | ABS |
| 590 ## - LOCAL NOTE (RLIN) | |
| Local note | ABS |
| 650 ## - SUBJECT ADDED ENTRY--TOPICAL TERM | |
| Topical term or geographic name entry element | VAT |
| 650 ## - SUBJECT ADDED ENTRY--TOPICAL TERM | |
| Topical term or geographic name entry element | RENTAL INCOME |
| 650 ## - SUBJECT ADDED ENTRY--TOPICAL TERM | |
| Topical term or geographic name entry element | EMPTY HOMES |
| 650 ## - SUBJECT ADDED ENTRY--TOPICAL TERM | |
| Topical term or geographic name entry element | COUNCIL TAX |
| 650 ## - SUBJECT ADDED ENTRY--TOPICAL TERM | |
| Topical term or geographic name entry element | COMPULSORY PURCHASE ORDERS |
| 650 ## - SUBJECT ADDED ENTRY--TOPICAL TERM | |
| Topical term or geographic name entry element | HOUSING BILL 2003 |
| 690 ## - LOCAL SUBJECT ADDED ENTRY--TOPICAL TERM (OCLC, RLIN) | |
| Topical term or geographic name as entry element | HOUSING-MARKET |
| 942 ## - ADDED ENTRY ELEMENTS (KOHA) | |
| Suppress in OPAC | 0 |
| Withdrawn status | Lost status | Source of classification or shelving scheme | Damaged status | Not for loan | Home library | Current library | Shelving location | Date acquired | Total Checkouts | Full call number | Barcode | Date last seen | Copy number | Price effective from | Koha item type |
|---|---|---|---|---|---|---|---|---|---|---|---|---|---|---|---|
| Dewey Decimal Classification | London | London | Journal article | 12/07/2004 | ABS68036 | 126750-1001 | 06/08/2019 | 1 | 06/08/2019 | Journal article |